[Event "V Torneo A Primavera Vomero"]
[Site "Napoli ITA"]
[Date "2008.05.08"]
[Round "6"]
[White "Longobardi, Giuseppe"]
[Black "Rosato, Luciano"]
[Result "0-1"]
[WhiteElo "1976"]
[BlackElo "2206"]
[PlyCount "58"]
[EventDate "2008.03.27"]

1. c4 d6 2. g3 g6 3. Bg2 Bg7 4. Nc3 Nf6 5. d4 Nbd7 6. Nf3 O-O 7. O-O c6 8. h3
e5 9. dxe5 dxe5 10. Bg5 Qe7 11. Ne4 h6 12. Nxf6+ Nxf6 13. Be3 Nh5 14. Qd2 Kh7
15. Qa5 f5 16. Bc5 Qd8 17. Qxd8 Rxd8 18. Be7 Re8 19. Ba3 Be6 20. Rac1 e4 21.
Nd2 e3 22. Nf3 f4 23. g4 exf2+ 24. Kxf2 Ng3 25. Rfd1 Rad8 26. b3 Bf7 27. Rxd8
Rxd8 28. Rc2 g5 29. Rd2 Ne4+ 0-1

[Event "V Torneo A Primavera Vomero"]
[Site "Napoli ITA"]
[Date "2008.05.08"]
[Round "6"]
[White "Pinto, Gaetano"]
[Black "Ricci, Giuseppe"]
[Result "1-0"]
[WhiteElo "2061"]
[BlackElo "1935"]
[PlyCount "49"]
[EventDate "2008.03.27"]

1. d4 d5 2. c4 c6 3. cxd5 cxd5 4. Nc3 e6 5. Nf3 Nf6 6. Bg5 Be7 7. e3 b6 8. Bd3
O-O 9. Qe2 a5 10. Ne5 Ba6 11. Bxa6 Nxa6 12. Nc6 Qd7 13. Nxe7+ Qxe7 14. Qf3 Nb4
15. Bxf6 gxf6 16. O-O Kh8 17. a3 Nd3 18. Qe2 Nxf2 19. Qxf2 Rg8 20. Qxf6+ Qxf6
21. Rxf6 Rg7 22. Ne2 Rc8 23. Rc1 Rcg8 24. Nf4 Rg5 25. Rc7 1-0

[Event "V Torneo A Primavera Vomero"]
[Site "Napoli ITA"]
[Date "2008.05.15"]
[Round "7"]
[White "Caiazzo, Diego"]
[Black "Iodice, Fabio"]
[Result "1-0"]
[WhiteElo "2060"]
[BlackElo "1975"]
[PlyCount "115"]
[EventDate "2008.03.27"]

1. d4 Nf6 2. Nf3 b6 3. Bg5 e6 4. Nbd2 Bb7 5. e3 Be7 6. Bd3 d5 7. O-O Nbd7 8. c3
O-O 9. Qe2 c5 10. Rac1 Rc8 11. Rfd1 Qc7 12. Bf4 Bd6 13. Bxd6 Qxd6 14. h3 Rfd8
15. Ba6 Bxa6 16. Qxa6 Qc7 17. Qf1 Qd6 18. Qe1 h6 19. e4 dxe4 20. Nxe4 Nxe4 21.
Qxe4 Nf6 22. Qe2 Qc7 23. dxc5 Qxc5 24. Rxd8+ Rxd8 25. Rd1 Rxd1+ 26. Qxd1 Qc7
27. Qd4 Nd7 28. c4 Nb8 29. Ne5 Nc6 30. Nxc6 Qxc6 31. b3 Qc7 32. b4 Qb7 33. a3
Qa6 34. Qc3 Qa4 35. c5 bxc5 36. bxc5 Qc6 37. Qb4 Qc7 38. Qb5 Kf8 39. c6 Ke7 40.
Qc5+ Ke8 41. a4 Qb6 42. Qd6 Qd8 43. Qb4 Qb6 44. Qc4 Qc7 45. Qc3 Ke7 46. Qc5+
Ke8 47. a5 Qe7 48. Qb5 Qc7 49. a6 Kd8 50. Qb7 Qc8 51. Qxf7 Qxc6 52. Qxa7 Qc1+
53. Kh2 Qf4+ 54. g3 Qd6 55. Qa8+ Ke7 56. Qb7+ Kf6 57. a7 Qd4 58. Qf3+ 1-0

[Event "V Torneo A Primavera Vomero"]
[Site "Napoli ITA"]
[Date "2008.05.15"]
[Round "7"]
[White "De Rosa, Francesco"]
[Black "Rosato, Luciano"]
[Result "1/2-1/2"]
[WhiteElo "1935"]
[BlackElo "2206"]
[PlyCount "92"]
[EventDate "2008.03.27"]

1. e4 c5 2. Nf3 a6 3. d4 cxd4 4. Nxd4 Nf6 5. Nc3 e5 6. Nb3 Bb4 7. Bd3 d5 8.
exd5 e4 9. Be2 Nxd5 10. Qd4 O-O 11. O-O Nxc3 12. bxc3 Qxd4 13. cxd4 Nc6 14. Bb2
b5 15. a4 bxa4 16. Rxa4 a5 17. c3 Bd6 18. Bc4 Rb8 19. Ba3 Bxa3 20. Rxa3 Bd7 21.
Nc5 Bf5 22. Bd5 Rfc8 23. Bxe4 Bxe4 24. Nxe4 Re8 25. Nc5 Rb5 26. Rfa1 Re2 27.
Nd3 Rc2 28. g3 Kf8 29. Re1 g6 30. Kg2 Rf5 31. Re3 Rd2 32. h4 h6 33. g4 Rd5 34.
Nc5 h5 35. Ne4 Rc2 36. Nf6 Rd8 37. g5 Ne7 38. Rxa5 Nf5 39. Re4 Rxc3 40. Rae5
Rcc8 41. d5 Nd6 42. Re2 Nf5 43. R2e4 Nd6 44. Re1 Nf5 45. Kh3 Rc3+ 46. Kh2 Rcc8
1/2-1/2

[Event "V Torneo A Primavera Vomero"]
[Site "Napoli ITA"]
[Date "2008.05.15"]
[Round "7"]
[White "Improta, Giovanni"]
[Black "Gallo, Thomas Renato"]
[Result "0-1"]
[WhiteElo "1900"]
[BlackElo "1885"]
[PlyCount "28"]
[EventDate "2008.03.27"]

1. e4 Nf6 2. Nc3 d5 3. e5 d4 4. exf6 dxc3 5. fxg7 cxd2+ 6. Bxd2 Bxg7 7. c3 Bf5
8. Qf3 Qc8 9. h3 Nc6 10. g4 Qe6+ 11. Ne2 Be4 12. Nf4 Qe5 13. Qe3 Bxh1 14. Qxe5
Bxe5 0-1

[Event "V Torneo A Primavera Vomero"]
[Site "Napoli ITA"]
[Date "2008.05.15"]
[Round "7"]
[White "Lombardo, Michele"]
[Black "Cosenza, Gianni"]
[Result "1-0"]
[WhiteElo "1995"]
[BlackElo "2018"]
[PlyCount "85"]
[EventDate "2008.03.27"]

1. e4 e6 2. Nf3 d5 3. e5 c5 4. b4 cxb4 5. a3 Nc6 6. axb4 Bxb4 7. c3 Be7 8. d4
f6 9. Bd3 Nh6 10. Bxh6 gxh6 11. Qe2 f5 12. Nbd2 Rg8 13. g3 Bd7 14. Ng1 Rg6 15.
h4 Kf7 16. Nh3 Qf8 17. Nf4 Rg4 18. Nf1 Ke8 19. Ne3 Rg8 20. Qb2 Rb8 21. Bb5 Qf7
22. Qb3 a6 23. Bxc6 Bxc6 24. Rxa6 Rc8 25. Ra7 Kf8 26. Kd2 Kg7 27. Rxb7 Bxb7 28.
Qxb7 Rb8 29. Qc6 Rgc8 30. Nxe6+ Kh8 31. Qxd5 Rb2+ 32. Kd3 Rb6 33. Nf4 Qe8 34.
Nxf5 Rd8 35. Qa5 Rb5 36. Qa6 Rxe5 37. Nxh6 Rd6 38. Qc4 Rc6 39. Qf7 Rxc3+ 40.
Kxc3 Qc6+ 41. Qc4 Rc5 42. dxc5 Bf6+ 43. Kd2 1-0

[Event "V Torneo A Primavera Vomero"]
[Site "Napoli ITA"]
[Date "2008.05.15"]
[Round "7"]
[White "Longobardi, Giuseppe"]
[Black "Della Ragione, Achille"]
[Result "0-1"]
[WhiteElo "1976"]
[BlackElo "1996"]
[PlyCount "76"]
[EventDate "2008.03.27"]

1. c4 c5 2. Nc3 Nf6 3. g3 g6 4. Bg2 Bg7 5. e3 O-O 6. d4 d6 7. Nf3 Nc6 8. d5 Nb8
9. O-O Bg4 10. Qe2 Qc8 11. e4 Nbd7 12. h3 Bxf3 13. Bxf3 b6 14. Bg2 Nh5 15. g4
Nhf6 16. Bf4 h5 17. g5 Ne8 18. Be3 f6 19. f4 fxg5 20. fxg5 Ne5 21. Rxf8+ Kxf8
22. Rf1+ Kg8 23. Bf4 Nc7 24. Bxe5 Bxe5 25. Qf3 Qf8 26. Qd3 Qg7 27. h4 Rf8 28.
Qh3 Rxf1+ 29. Bxf1 Qf8 30. b3 Bd4+ 31. Kh2 Qf4+ 32. Kh1 Bxc3 33. Qxc3 Qxf1+ 34.
Kh2 Qf4+ 35. Kg1 Qxh4 36. Qe3 Qg4+ 37. Kf1 Ne8 38. e5 Qf5+ 0-1

[Event "V Torneo A Primavera Vomero"]
[Site "Napoli ITA"]
[Date "2008.05.15"]
[Round "7"]
[White "Pinto, Gaetano"]
[Black "Ficco, Corrado"]
[Result "0-1"]
[WhiteElo "2061"]
[BlackElo "2155"]
[PlyCount "78"]
[EventDate "2008.03.27"]

1. d4 e6 2. Nf3 c5 3. e3 Nf6 4. Bd3 Be7 5. Nbd2 O-O 6. c3 Nc6 7. O-O d5 8. dxc5
Bxc5 9. e4 Qc7 10. Qe2 Bd6 11. Re1 dxe4 12. Nxe4 Nxe4 13. Qxe4 f5 14. Qh4 e5
15. Ng5 g6 16. Bc4+ Kh8 17. Ne6 Bxe6 18. Bxe6 Qe7 19. Qxe7 Bxe7 20. Bh6 Rfd8
21. Rad1 Rxd1 22. Rxd1 Rd8 23. Rxd8+ Bxd8 24. Kf1 Bf6 25. Ke2 Bg7 26. Be3 b6
27. Kd3 Bf8 28. Kc4 Kg7 29. Kd5 Kf6 30. Kxc6 Kxe6 31. Kb7 f4 32. Bc1 Bc5 33. f3
Be3 34. Kxa7 Bxc1 35. Kxb6 Bxb2 36. c4 Bd4+ 37. Kc6 g5 38. a4 e4 39. fxe4 g4
0-1

[Event "C.to Provinciale AT"]
[Site "Asti ITA"]
[Date "2008.03.27"]
[Round "1"]
[White "Astengo, Marcello"]
[Black "Blundo, Michele"]
[Result "1-0"]
[WhiteElo "2039"]
[BlackElo "1897"]
[PlyCount "87"]
[EventDate "2008.03.27"]

1. d4 d5 2. c4 e6 3. Nc3 c6 4. e3 Nf6 5. Nf3 a6 6. Bd3 Bb4 7. Qb3 Bd6 8. Qc2
Nbd7 9. O-O O-O 10. b3 Re8 11. Bb2 e5 12. cxd5 cxd5 13. dxe5 Nxe5 14. Nxe5 Bxe5
15. h3 Be6 16. Rad1 Rc8 17. Qd2 Qa5 18. Rc1 b5 19. f4 Bb8 20. Bb1 Ba7 21. Qd3
g6 22. Kh1 Bf5 23. e4 dxe4 24. Qd6 Qb6 25. Nxb5 Rxc1 26. Rxc1 Nh5 27. Qxb6 Bxb6
28. Nd6 Rd8 29. Nxe4 Bxe4 30. Bxe4 Ng3+ 31. Kh2 Nxe4 32. Rc6 Be3 33. Be5 f5 34.
Rxa6 Rd1 35. h4 Bf2 36. g4 Rd2 37. gxf5 gxf5 38. Kh3 Rd3+ 39. Kg2 Bxh4 40. Ra7
Bf6 41. Bxf6 Nxf6 42. b4 Nd5 43. b5 Nb6 44. a4 1-0

[Event "C.to Provinciale AT"]
[Site "Asti ITA"]
[Date "2008.03.27"]
[Round "1"]
[White "Biancotti, Alessandro"]
[Black "Muscato, Alessandro"]
[Result "1-0"]
[WhiteElo "1873"]
[BlackElo "2002"]
[PlyCount "67"]
[EventDate "2008.03.27"]

1. e4 c6 2. d4 d5 3. exd5 cxd5 4. c4 Nf6 5. Nc3 Nc6 6. cxd5 Nxd5 7. Nf3 Bf5 8.
a3 a6 9. Bd3 Bg4 10. Be2 Nxc3 11. bxc3 Qa5 12. Bd2 e5 13. c4 Qc7 14. d5 Nd4 15.
Nxd4 exd4 16. Bxg4 Qxc4 17. Qe2+ Qxe2+ 18. Bxe2 O-O-O 19. Bf3 Re8+ 20. Kd1 Bd6
21. Re1 Rxe1+ 22. Bxe1 Bxh2 23. g3 h5 24. Rc1+ Kd7 25. Ba5 h4 26. Rc7+ Kd6 27.
Rxb7 h3 28. Bb4+ Ke5 29. Rxf7 Bg1 30. Ke2 g5 31. Ba5 Rc8 32. Bc7+ Rxc7 33. Rxc7
g4 34. Bxg4 1-0

[Event "C.to Provinciale AT"]
[Site "Asti ITA"]
[Date "2008.03.27"]
[Round "1"]
[White "Brancaleoni, Maurizio"]
[Black "Cova, Alessandro"]
[Result "1-0"]
[WhiteElo "2214"]
[BlackElo "1936"]
[PlyCount "41"]
[EventDate "2008.03.27"]

1. c4 Nf6 2. Nc3 c5 3. Nf3 Nc6 4. g3 d5 5. d4 cxd4 6. Nxd4 e5 7. Nxc6 bxc6 8.
cxd5 cxd5 9. Bg2 Be6 10. Qa4+ Qd7 11. Qxd7+ Kxd7 12. O-O Bb4 13. Rd1 Bxc3 14.
bxc3 Rac8 15. e4 Kc6 16. exd5+ Bxd5 17. Rxd5 Nxd5 18. c4 Kc5 19. Bxd5 f6 20.
Be3+ Kb4 21. Bxa7 1-0

[Event "C.to Provinciale AT"]
[Site "Asti ITA"]
[Date "2008.03.27"]
[Round "1"]
[White "Favoni, Matteo"]
[Black "Mangione, Claudio"]
[Result "1/2-1/2"]
[WhiteElo "1900"]
[BlackElo "2051"]
[PlyCount "84"]
[EventDate "2008.03.27"]

1. d4 Nf6 2. c4 e6 3. Nf3 b6 4. a3 Ba6 5. Qc2 Bb7 6. Nc3 c5 7. e4 cxd4 8. Nxd4
d6 9. Be2 Nbd7 10. O-O Be7 11. Rd1 a6 12. Bg5 O-O 13. Rac1 Rc8 14. Nf3 Qc7 15.
b4 Qb8 16. Qb1 Qa8 17. Bd3 Rfe8 18. h3 Rc7 19. Be3 Rec8 20. Na4 b5 21. cxb5
axb5 22. Rxc7 Rxc7 23. Nb6 Nxb6 24. Bxb6 Rc3 25. Nd4 Rxa3 26. Nxb5 Rxd3 27.
Qxd3 Bxe4 28. Qa3 Qc6 29. Qa7 Bf8 30. Nd4 Qc4 31. Qb8 Qxb4 32. Rc1 Nd7 33. Qe8
Nxb6 34. Rc7 Qe1+ 35. Kh2 Qxf2 36. Nf3 Bg6 37. Rb7 d5 38. Rb8 Qc5 39. Ne5 Qd6
40. Kh1 h5 41. Rd8 Qb4 42. Nc6 Qc5 1/2-1/2

[Event "C.to Provinciale AT"]
[Site "Asti ITA"]
[Date "2008.03.27"]
[Round "1"]
[White "Finocchiaro, Gianluca"]
[Black "Crepaldi, Marco"]
[Result "1-0"]
[WhiteElo "1985"]
[BlackElo "1836"]
[PlyCount "31"]
[EventDate "2008.03.27"]

1. e4 c5 2. c3 Nf6 3. e5 Nd5 4. d4 cxd4 5. Nf3 e6 6. cxd4 Nc6 7. Nc3 d6 8. exd6
Nxc3 9. bxc3 Bxd6 10. Bd3 Qc7 11. O-O Ne7 12. c4 b6 13. Be3 Bb7 14. c5 bxc5 15.
dxc5 Bf4 16. Qa4+ 1-0

[Event "C.to Provinciale AT"]
[Site "Asti ITA"]
[Date "2008.03.27"]
[Round "1"]
[White "Forno, Roberto"]
[Black "Di Paolo, Raffaele"]
[Result "0-1"]
[WhiteElo "1947"]
[BlackElo "2363"]
[PlyCount "74"]
[EventDate "2008.03.27"]

1. d4 e6 2. c4 f5 3. Nf3 Nf6 4. g3 d5 5. Bg2 c6 6. cxd5 exd5 7. O-O Bd6 8. Nc3
O-O 9. Bg5 Qe8 10. Bxf6 Rxf6 11. e3 Nd7 12. Rc1 Rh6 13. Ne2 Nf6 14. Nf4 Ne4 15.
h4 Qe7 16. Qc2 Bd7 17. Rfe1 Kh8 18. a3 Be8 19. b4 a6 20. Qb2 Bh5 21. Ne5 Rg8
22. Nxh5 Rxh5 23. Bf3 Rh6 24. h5 Bxe5 25. dxe5 Re6 26. Kg2 h6 27. a4 Rxe5 28.
b5 axb5 29. axb5 c5 30. Ra1 Rd8 31. Ra7 d4 32. exd4 cxd4 33. Rea1 Kh7 34. Ra8
Red5 35. b6 d3 36. Bd1 d2 37. Bb3 Qc5 0-1

[Event "C.to Provinciale AT"]
[Site "Asti ITA"]
[Date "2008.03.27"]
[Round "1"]
[White "Fortino, Fabrizio"]
[Black "Venturino, Federico"]
[Result "1-0"]
[WhiteElo "2068"]
[BlackElo "1913"]
[PlyCount "51"]
[EventDate "2008.03.27"]

1. e4 c5 2. c3 d5 3. exd5 Qxd5 4. d4 e6 5. Nf3 Nf6 6. Na3 cxd4 7. Nb5 Bd6 8.
Qxd4 Qxd4 9. Nfxd4 Kd7 10. Nxd6 Kxd6 11. Bf4+ Ke7 12. Nb5 Na6 13. Bd6+ Ke8 14.
Ba3 Nd5 15. O-O-O Bd7 16. Nd6+ Kd8 17. Nxb7+ Kc7 18. Bxa6 Kb6 19. Nc5 Bc6 20.
Bf1 Rhd8 21. Nd3 Ba4 22. Rd2 Rac8 23. Be2 Nxc3 24. bxc3 Rxc3+ 25. Kb2 Rdc8 26.
Rc1 1-0

[Event "C.to Provinciale AT"]
[Site "Asti ITA"]
[Date "2008.03.27"]
[Round "1"]
[White "Lucchese, Paolo"]
[Black "Medaglia, Enzo"]
[Result "1-0"]
[WhiteElo "1994"]
[BlackElo "1857"]
[PlyCount "65"]
[EventDate "2008.03.27"]

1. e4 c5 2. Nf3 d6 3. d4 cxd4 4. Nxd4 Nf6 5. Nc3 a6 6. Bg5 e5 7. Nde2 Be7 8.
Bxf6 Bxf6 9. Nd5 O-O 10. Nec3 Bg5 11. h4 Be7 12. Nxe7+ Qxe7 13. Nd5 Qd8 14. Bc4
Nc6 15. Qd2 b5 16. Bb3 Nd4 17. c3 Nxb3 18. axb3 Bb7 19. g4 Rc8 20. f3 Rc5 21.
b4 Rc8 22. g5 Bxd5 23. Qxd5 Qb6 24. Ke2 Kh8 25. Ra5 f5 26. exf5 Rxf5 27. Rha1
Rcf8 28. Rxa6 Qd8 29. Ra8 Qb6 30. R8a6 Qd8 31. Rxd6 Qe8 32. Qe6 Qh5 33. Qxf5
1-0

[Event "C.to Provinciale AT"]
[Site "Asti ITA"]
[Date "2008.03.27"]
[Round "1"]
[White "Quirico, Paolo"]
[Black "Del Nevo, Claudio"]
[Result "1-0"]
[WhiteElo "2115"]
[BlackElo "1920"]
[PlyCount "42"]
[EventDate "2008.03.27"]

1. d4 d6 2. e4 Nf6 3. Nc3 g6 4. f4 Bg7 5. Nf3 c6 6. Bd3 O-O 7. O-O b5 8. e5
dxe5 9. fxe5 Nd5 10. Ne4 Nd7 11. Qe1 f5 12. exf6 exf6 13. Nd6 Qe7 14. Nxc8 Qxe1
15. Rxe1 Raxc8 16. Bd2 a6 17. a4 Ra8 18. Re6 Rfc8 19. axb5 axb5 20. Rxa8 Rxa8
21. Rxc6 b4 1-0

[Event "C.to Provinciale AT"]
[Site "Asti ITA"]
[Date "2008.03.27"]
[Round "1"]
[White "Sattanino, Andrea"]
[Black "Ronzano, Luca"]
[Result "0-1"]
[WhiteElo "1846"]
[BlackElo "1993"]
[PlyCount "40"]
[EventDate "2008.03.27"]

1. d4 d5 2. c4 e5 3. dxe5 d4 4. Nf3 Nc6 5. a3 Bg4 6. Nbd2 Qd7 7. h3 Be6 8. b4
f6 9. exf6 gxf6 10. Bb2 Bh6 11. Nb3 Bxc4 12. Nbxd4 Nge7 13. e3 Bxf1 14. Rxf1
O-O-O 15. Qa4 Rhe8 16. Nxc6 Nxc6 17. Rd1 Qe7 18. Rxd8+ Rxd8 19. Ke2 Qd7 20. Rd1
Nd4+ 0-1

[Event "C.to Provinciale AT"]
[Site "Asti ITA"]
[Date "2008.03.27"]
[Round "1"]
[White "Sorgi, Paolo"]
[Black "Sorcinelli, Francesco"]
[Result "0-1"]
[WhiteElo "1921"]
[BlackElo "2119"]
[PlyCount "42"]
[EventDate "2008.03.27"]

1. e4 e5 2. Nf3 Nc6 3. Bb5 f5 4. Qe2 fxe4 5. Bxc6 bxc6 6. Nxe5 Nf6 7. Qc4 Qe7
8. Qc3 c5 9. O-O g6 10. Ng4 Nxg4 11. Qxh8 Ba6 12. h3 O-O-O 13. Qc3 Bxf1 14.
Kxf1 Bg7 15. Qa3 Qh4 16. Qxc5 Nxf2 17. Qxf2 Rf8 18. Qxf8+ Bxf8 19. Nc3 Bc5 20.
Nd1 d5 21. b4 Qf6+ 0-1

[Event "C.to Provinciale AT"]
[Site "Asti ITA"]
[Date "2008.03.27"]
[Round "1"]
[White "Squarci, Franco"]
[Black "De Francisci, Luigi"]
[Result "0-1"]
[WhiteElo "1831"]
[BlackElo "1961"]
[PlyCount "68"]
[EventDate "2008.03.27"]

1. d4 b5 2. Nf3 Bb7 3. Nbd2 Nf6 4. c3 e6 5. Qc2 c5 6. e3 a6 7. Bd3 Nc6 8. e4
Rc8 9. dxc5 Bxc5 10. Nb3 Nb4 11. Qe2 Nxd3+ 12. Qxd3 Bxe4 13. Qe2 Bd5 14. Nxc5
Rxc5 15. Be3 Rc8 16. Bd4 d6 17. b3 O-O 18. O-O e5 19. Be3 Rxc3 20. Rac1 Rxc1
21. Rxc1 h6 22. h3 Qd7 23. g4 Nxg4 24. Nh2 Nxe3 25. Qxe3 Rc8 26. Rd1 Qe6 27.
Qd3 Bb7 28. f4 exf4 29. Ng4 f5 30. Nf2 Qg6+ 31. Kf1 Qg2+ 32. Ke2 Re8+ 33. Kd2
Qxf2+ 34. Kc1 Rc8+ 0-1

[Event "C.to Provinciale AT"]
[Site "Asti ITA"]
[Date "2008.03.27"]
[Round "1"]
[White "Torrione, William"]
[Black "Raviola, Giuseppe"]
[Result "0-1"]
[WhiteElo "1917"]
[BlackElo "2113"]
[PlyCount "106"]
[EventDate "2008.03.27"]

1. d4 Nf6 2. c4 e6 3. g3 d5 4. Bg2 Nbd7 5. cxd5 exd5 6. Nf3 Bb4+ 7. Nbd2 Ne4 8.
O-O Bxd2 9. Nxd2 Ndf6 10. Nxe4 Nxe4 11. f3 Nf6 12. Bg5 h6 13. Bxf6 Qxf6 14. e4
c6 15. exd5 cxd5 16. Qe2+ Qe6 17. Qb5+ Qc6 18. Qxc6+ bxc6 19. Rac1 Ba6 20. Rf2
Kd7 21. Rfc2 Bb7 22. b4 Kd6 23. Kf2 a5 24. bxa5 Rxa5 25. Rb2 Ba6 26. Bf1 Bxf1
27. Kxf1 Rha8 28. Rcc2 Ra3 29. Kf2 Rd3 30. Rb6 Rc8 31. Rb4 Ra3 32. Rb7 Rc7 33.
Rxc7 Kxc7 34. Ke2 Kd6 35. h4 g5 36. hxg5 hxg5 37. g4 Ra8 38. Kd3 Ra3+ 39. Ke2
f6 40. Rb2 Rc3 41. Rd2 c5 42. dxc5+ Kxc5 43. Rd3 Rc1 44. Ra3 Kd4 45. Ra6 Rc2+
46. Kd1 Rf2 47. Ra3 Ke5 48. Ke1 Rb2 49. Ra4 d4 50. Kf1 Kf4 51. Rxd4+ Kxf3 52.
Kg1 Rg2+ 53. Kh1 Rxa2 0-1

[Event "C.to Provinciale AT"]
[Site "Asti ITA"]
[Date "2008.03.27"]
[Round "1"]
[White "Turchetta, Gianluca"]
[Black "Fossati, Remigio"]
[Result "0-1"]
[WhiteElo "1934"]
[BlackElo "2208"]
[PlyCount "78"]
[EventDate "2008.03.27"]

1. e4 c5 2. Nf3 e6 3. d4 cxd4 4. Nxd4 Nf6 5. Bd3 a6 6. O-O Qc7 7. Be3 d5 8.
exd5 Nxd5 9. c4 Nxe3 10. fxe3 Bd6 11. Qh5 g6 12. Qh6 Bf8 13. Qh4 Qe7 14. Qf4
Bg7 15. Qg3 O-O 16. Nc3 Nd7 17. Nf3 Bxc3 18. bxc3 f5 19. Nd4 Kh8 20. c5 e5 21.
c6 Nc5 22. Bc2 exd4 23. exd4 Ne4 24. Bxe4 Qxe4 25. Rae1 Qxc6 26. Re7 Qf6 27.
Qc7 Be6 28. Rxh7+ Kg8 29. Re1 Rf7 30. Rxf7 Qxf7 31. Qd6 Re8 32. d5 Bd7 33. Rd1
Kg7 34. c4 Qe7 35. Qxe7+ Rxe7 36. Rb1 Be8 37. c5 Kf6 38. d6 Rh7 39. Rb6 Bc6 0-1

[Event "C.to Provinciale AT"]
[Site "Asti ITA"]
[Date "2008.03.27"]
[Round "1"]
[White "Venturino, Marco"]
[Black "Bertazzoni, Giuseppe"]
[Result "1/2-1/2"]
[WhiteElo "2173"]
[BlackElo "1933"]
[PlyCount "72"]
[EventDate "2008.03.27"]

1. d4 Nf6 2. c4 g6 3. g3 Bg7 4. Bg2 d6 5. Nf3 O-O 6. O-O c6 7. Nc3 Bg4 8. h3
Bxf3 9. Bxf3 Nbd7 10. Be3 h6 11. Qd2 Kh7 12. Rfd1 Qc7 13. Rac1 Rfe8 14. Qc2
Rad8 15. b4 b6 16. Bg2 c5 17. Nb5 Qb8 18. Qa4 a6 19. Qxa6 cxb4 20. Qa4 e5 21.
Qxb4 Bf8 22. Qb2 e4 23. Nc3 Qa8 24. Nb5 Rc8 25. Bf4 d5 26. Nc7 Rxc7 27. Bxc7
Ba3 28. Qb3 Bxc1 29. Rxc1 e3 30. cxd5 exf2+ 31. Kxf2 b5 32. d6 Rxe2+ 33. Kxe2
Qxg2+ 34. Kd1 Nd5 35. Rc3 Nxc3+ 36. Qxc3 Qxa2 1/2-1/2

[Event "C.to Provinciale AT"]
[Site "Asti ITA"]
[Date "2008.03.28"]
[Round "2"]
[White "Bertazzoni, Giuseppe"]
[Black "Favoni, Matteo"]
[Result "0-1"]
[WhiteElo "1933"]
[BlackElo "1900"]
[PlyCount "88"]
[EventDate "2008.03.27"]

1. Nf3 Nf6 2. g3 g6 3. Bg2 Bg7 4. d3 d5 5. h3 O-O 6. O-O c6 7. c3 Nbd7 8. Qc2
Qc7 9. Re1 e5 10. e4 Rd8 11. Nbd2 dxe4 12. Nxe4 Nxe4 13. dxe4 Nc5 14. Be3 Qe7
15. Red1 Be6 16. b3 h6 17. g4 b5 18. g5 h5 19. Bf1 Bd7 20. Bxc5 Qxc5 21. c4 Be6
22. Rdc1 Rac8 23. Qc3 b4 24. Qc2 Rd7 25. Rd1 Rcd8 26. Rxd7 Rxd7 27. Rd1 Qe7 28.
Rxd7 Qxd7 29. Qd2 Bxh3 30. Bxh3 Qxh3 31. Nh2 Qc3 32. Qd8+ Kh7 33. Qd7 Qe1+ 34.
Kg2 Qxe4+ 35. Kg1 Qf4 36. Qe7 e4 37. c5 Be5 38. Nf1 Bd4 39. Ne3 Bxe3 40. fxe3
Qxe3+ 41. Kf1 Qf3+ 42. Kg1 e3 43. Kh2 Qf2+ 44. Kh3 e2 0-1

[Event "C.to Provinciale AT"]
[Site "Asti ITA"]
[Date "2008.03.28"]
[Round "2"]
[White "Blundo, Michele"]
[Black "Forno, Roberto"]
[Result "0-1"]
[WhiteElo "1897"]
[BlackElo "1947"]
[PlyCount "42"]
[EventDate "2008.03.27"]

1. d4 d5 2. c4 e6 3. e3 Nf6 4. Nf3 c6 5. a3 Nbd7 6. Nc3 Bd6 7. Be2 O-O 8. Qc2
Qe7 9. cxd5 exd5 10. O-O Re8 11. Bd3 Ne4 12. b3 Ndf6 13. Bxe4 dxe4 14. Ne5 Bxe5
15. dxe5 Qxe5 16. f4 exf3 17. Rxf3 Bg4 18. Rf2 Bh5 19. h3 Bg6 20. Qb2 Rad8 21.
Bd2 Ne4 0-1

[Event "C.to Provinciale AT"]
[Site "Asti ITA"]
[Date "2008.03.28"]
[Round "2"]
[White "Cova, Alessandro"]
[Black "Muscato, Alessandro"]
[Result "1-0"]
[WhiteElo "1936"]
[BlackElo "2002"]
[PlyCount "47"]
[EventDate "2008.03.27"]

1. b4 d5 2. Bb2 Bf5 3. e3 Qd6 4. a3 Nd7 5. Nf3 Ngf6 6. Nc3 a5 7. Nb5 Qb6 8. Bd4
c5 9. bxc5 Nxc5 10. Rb1 Nfd7 11. Ne5 Rc8 12. g4 f6 13. Nc3 Qd6 14. gxf5 Nxe5
15. Nb5 Qb6 16. Bxc5 Qxc5 17. d4 Qxc2 18. dxe5 Qxf5 19. Nd4 Qe4 20. e6 Rc4 21.
Bxc4 Qxh1+ 22. Bf1 Qxh2 23. Qa4+ Kd8 24. Qd7# 1-0

[Event "C.to Provinciale AT"]
[Site "Asti ITA"]
[Date "2008.03.28"]
[Round "2"]
[White "Crepaldi, Marco"]
[Black "Sorgi, Paolo"]
[Result "0-1"]
[WhiteElo "1836"]
[BlackElo "1921"]
[PlyCount "96"]
[EventDate "2008.03.27"]

1. e4 c5 2. Nf3 Nc6 3. d4 cxd4 4. Nxd4 Nf6 5. Nc3 e5 6. Ndb5 d6 7. Bg5 a6 8.
Na3 b5 9. Nd5 Be7 10. Bxf6 Bxf6 11. c4 b4 12. Nc2 a5 13. Be2 O-O 14. O-O Bg5
15. Nde3 Ne7 16. Bg4 Bb7 17. Nd5 Nxd5 18. cxd5 Qb6 19. Re1 g6 20. Ne3 Kh8 21.
g3 f5 22. Bf3 fxe4 23. Bxe4 Rf7 24. Rc1 Raf8 25. Rc2 Rxf2 26. Rxf2 Bxe3 27.
Rxe3 Qxe3 28. Qe2 Qxf2+ 29. Qxf2 Rxf2 30. Kxf2 Kg7 31. Ke3 Kf6 32. h3 h6 33. a3
Bc8 34. Bg2 Ba6 35. axb4 axb4 36. Ke4 g5 37. Ke3 Bc4 38. Ke4 Bb5 39. Ke3 Kf7
40. Ke4 Ke7 41. Ke3 Kd8 42. Ke4 Kc7 43. h4 gxh4 44. gxh4 Kb6 45. Kf5 Bd3+ 46.
Ke6 Kc5 47. Kf6 e4 48. Kg7 e3 0-1

[Event "C.to Provinciale AT"]
[Site "Asti ITA"]
[Date "2008.03.28"]
[Round "2"]
[White "De Francisci, Luigi"]
[Black "Quirico, Paolo"]
[Result "0-1"]
[WhiteElo "1961"]
[BlackElo "2115"]
[PlyCount "100"]
[EventDate "2008.03.27"]

1. d4 Nf6 2. Nc3 d5 3. e4 dxe4 4. f3 Bf5 5. fxe4 Nxe4 6. Qf3 Nd6 7. Bf4 e6 8.
O-O-O c6 9. g4 Bg6 10. h4 h5 11. g5 Nd7 12. Be5 Qa5 13. Bxd6 Bxd6 14. Bd3 Bxd3
15. Rxd3 O-O-O 16. Nge2 f5 17. gxf6 Nxf6 18. Re1 Rhf8 19. Rg1 Ng4 20. Qe4 Qf5
21. Qxf5 exf5 22. d5 cxd5 23. Nxd5 Rfe8 24. Nef4 Bxf4+ 25. Nxf4 Rxd3 26. cxd3
Re3 27. Nxh5 Rxd3 28. Nxg7 Ne3 29. Ne6 Rd6 30. Nf4 Rd4 31. Ng6 f4 32. Ne5 Rd5
33. Nf3 Kd7 34. b3 Ke6 35. Rg6+ Kf7 36. Rg1 Kf6 37. Nh2 Rc5+ 38. Kb1 Rc3 39. h5
Nf5 40. Rg6+ Ke5 41. Ng4+ Ke4 42. Re6+ Kf3 43. Ne5+ Ke4 44. Ng6+ Kf3 45. Ne5+
Kg2 46. h6 f3 47. Rg6+ Ng3 48. Nxf3 Rxf3 49. h7 Rf1+ 50. Kb2 50... Rh1 {...}
0-1

[Event "C.to Provinciale AT"]
[Site "Asti ITA"]
[Date "2008.03.28"]
[Round "2"]
[White "Del Nevo, Claudio"]
[Black "Sattanino, Andrea"]
[Result "0-1"]
[WhiteElo "1920"]
[BlackElo "1846"]
[PlyCount "98"]
[EventDate "2008.03.27"]

1. d4 Nf6 2. Nf3 e6 3. Bg5 Be7 4. Bxf6 Bxf6 5. e3 O-O 6. Bd3 Nc6 7. c3 e5 8.
dxe5 Bxe5 9. Qc2 g6 10. h4 Qf6 11. h5 Nb4 12. Qe2 Nxd3+ 13. Qxd3 d6 14. Nbd2
Qe7 15. O-O-O Bg4 16. hxg6 fxg6 17. Rdf1 Bh8 18. Nh4 Bf6 19. Nhf3 c6 20. Ne4
Bf5 21. Nxf6+ Rxf6 22. Qd4 Qe4 23. Qxe4 Bxe4 24. Ne1 Re8 25. Kd2 Bb1 26. a3 Ba2
27. Rh4 Bd5 28. f3 Rfe6 29. e4 Bc4 30. Rfh1 R8e7 31. Nc2 c5 32. Ne3 Bb5 33. Nd5
Rf7 34. Nf4 Ref6 35. Nd5 Re6 36. b3 Bc6 37. Ne3 Rfe7 38. c4 b5 39. Rg4 bxc4 40.
bxc4 Rb7 41. Ra1 Ree7 42. Rh4 Rb2+ 43. Ke1 Reb7 44. Rh1 R7b3 45. Nf1 Rxg2 46.
a4 Rxf3 47. Rd1 Rff2 48. Rxd6 Re2+ 49. Kd1 Bxa4+ 0-1

[Event "C.to Provinciale AT"]
[Site "Asti ITA"]
[Date "2008.03.28"]
[Round "2"]
[White "Di Chiara, Mauro"]
[Black "Venturino, Marco"]
[Result "0-1"]
[WhiteElo "1812"]
[BlackElo "2173"]
[PlyCount "72"]
[EventDate "2008.03.27"]

1. d4 f5 2. Nf3 Nf6 3. c4 g6 4. b3 Bg7 5. Bb2 O-O 6. e3 d6 7. Be2 c6 8. O-O Qc7
9. Nbd2 Kh8 10. Rc1 Be6 11. d5 Bg8 12. dxc6 Nxc6 13. Nd4 Nxd4 14. exd4 Rac8 15.
d5 Qd7 16. Re1 b5 17. Nf3 bxc4 18. Bxc4 Qb7 19. Qe2 Qb8 20. Nd4 Bxd5 21. Bxd5
Nxd5 22. Ne6 Bxb2 23. Qxb2+ Rf6 24. Rxc8+ Qxc8 25. h3 Kg8 26. Qd4 Qc3 27. Qxc3
Nxc3 28. a4 d5 29. Nd4 Kf7 30. f4 Rb6 31. Re3 Ne4 32. Kf1 Rb4 33. Rd3 Nc5 34.
Rd2 e6 35. Ke1 Nxb3 36. Rb2 Rxd4 0-1